000 00598nam a2200181 i 4500
001 102445
003 ES-MaACL
005 20250323211157.0
007 t|
008 051110s1964 sp ||||1| spa d
100 1 _aMerget, Robert.
_980490
245 1 0 _aManual de Obstetricia /
_cpor Robert Merget... Jean Levy, Jean Melchior, versión española de Emilio Alfaro Gracia.
260 _aBarcelona :
_bToray Masson,
_c1964.
300 _aXVI, 927 p. :
_bil. ;
_c25 cm.
700 0 _aAlfaro Gracia, Emilio,
_d1932-1994
_919814
852 _aES-MaACL
_jC-25850
_bR.54541
999 _c102445
_d102445